The impact of climate change on ecosystems and species : (Registro nro. 842)
[ vista simple ]
| 000 -CABECERA | |
|---|---|
| Campo de control | 01731cam a2200289 a 4500 |
| 005 - FECHA Y HORA DE LA ULTIMA TRANSACCION | |
| Campo de control | 20171003113252.0 |
| 008 - ELEMENTOS DE LONGITUD FIJA—INFORMACION GENERAL | |
| Campo de control | 960116s1995 sz ab b 100 0 eng d |
| 020 ## - ISBN | |
| ISBN | 2831701716 |
| 040 ## - FUENTE DE CATALOGACIÓN | |
| Agencia catalogadora original | CU-S |
| Agencia transcriptora | CU-S |
| Agencia Modificadora | INS |
| -- | DLC |
| -- | CO-BoIAVH |
| 041 0# - IDIOMA | |
| Código de idioma para texto/pista de sonido o título separado | Inglés |
| 044 ## - PAÍS DE PUBLICACIÓN | |
| País de publicación | Suiza |
| 082 04 - NUMERO DE CLASIFICACION DECIMAL DEWEY | |
| Número de clasificación | 577.27 |
| Número del ítem | I34c |
| 245 04 - MENCION DE TITULO | |
| Título | The impact of climate change on ecosystems and species : |
| Parte restante del título | Terrestrial ecosystems / |
| Mención de responsabilidad | editado John Pernetta [y otros 3]. |
| 246 14 - FORMA VARIANTE DEL TITULO | |
| Título propiamente dicho/forma breve del título | Impacts of climate change on ecosystems and species : |
| Parte restante del título | Terrestrial ecosystems |
| 246 30 - FORMA VARIANTE DEL TITULO | |
| Título propiamente dicho/forma breve del título | Terrestrial ecosystems |
| 260 ## - PUBLICACION, DISTRIBUCION, ETC. (PIE DE IMPRENTA) | |
| Lugar de publicación, distribución, etc. | Gland (Suiza) : |
| Nombre del editor, distribuidor, etc. | IUCN in collaboration with WWF, US-EPA, SIDA and RIVM, |
| Fecha de publicación, distribución, etc. | 1995. |
| 300 ## - DESCRIPCION FISICA | |
| Extensión | viii, 99 páginas : |
| Otros detalles físicos | ilustraciones y mapas ; |
| Dimensiones | 30 x 21 cm. |
| 504 ## - NOTA DE BIBLIOGRAFIA, ETC. | |
| Nota de bibliografía | Incluye referencias bibliográficas. |
| 505 00 - NOTA DE CONTENIDO | |
| Title | Planning for global change / |
| Statement of responsibility | Ismail Shaffieu -- |
| Title | General circulation models, climate change and ecological impact studies / |
| Statement of responsibility | Sandy P. Harrison, Jonathan A. Foley -- |
| Title | Species response to climatic change / |
| Statement of responsibility | R. Hengeveld -- |
| Title | How vegetation responds to climate change / |
| Statement of responsibility | Brian Huntley -- |
| Title | Tropical ecophysiology, climate change and the global carbon cycle / |
| Statement of responsibility | Thomas J. Goreau -- |
| Title | European ecosystems / |
| Statement of responsibility | J.B. Latour, R. Reiling. |
| 650 26 - ASIENTO SECUNDARIO DE MATERIA - TERMINO TEMATICO | |
| Término temático o nombre geográfico como elemento de entrada | Cambio climático |
| Subdivisión de forma | Congresos, conferencias, etc. |
| 9 (RLIN) | 85609 |
| 650 20 - ASIENTO SECUNDARIO DE MATERIA - TERMINO TEMATICO | |
| Término temático o nombre geográfico como elemento de entrada | Areas naturales |
| Subdivisión general | Gestión |
| Subdivisión de forma | Congresos, conferencias, etc. |
| 9 (RLIN) | 85610 |
| 650 26 - ASIENTO SECUNDARIO DE MATERIA - TERMINO TEMATICO | |
| Término temático o nombre geográfico como elemento de entrada | Ecosistemas |
| Subdivisión general | Gestión |
| Subdivisión de forma | Congresos, conferencias, etc. |
| 9 (RLIN) | 85611 |
| 700 1# - ASIENTO SECUNDARIO - NOMBRE PERSONAL | |
| Nombre personal | Pernetta, John |
| Término de relación | editor |
| 9 (RLIN) | 9440 |
| 710 2# - ASIENTO SECUNDARIO - NOMBRE CORPORATIVO | |
| Nombre corporativo o de jurisdicción como elemento de entrada | International Union for Conservation of Nature and Natural Resources. |
| 9 (RLIN) | 85612 |
| 711 2# - ASIENTO SECUNDARIO - NOMBRE DE REUNION | |
| Nombre de la reunión o nombre de la jurisdicción como elemento de entrada | Symposium on the Impacts of Climate Change on Ecosystems and Species |
| Fecha de la reunión o firma del tratado | (1991 : |
| Lugar de la reunión | Amersfoort, the Netherlands) |
| 9 (RLIN) | 85613 |
| 942 ## - ELEMENTOS ADICIONALES (KOHA) | |
| Sistema de clasificación | Dewey Decimal Classification |
| Tipo de ítem | Libro |
| Withdrawn status | Lost status | Sistema de Clasificación | Damaged status | No para préstamo | Colección | Inventariado | Ubicación Permanente | Ubicación actual | Fecha de adquisición | Fuente de Valor | Valor | Total Checkouts | Número topográfico | Inventario / Código de Barras | Date last seen | Ejemplar | Price effective from | Forma de adquisición | Tipo de material |
|---|---|---|---|---|---|---|---|---|---|---|---|---|---|---|---|---|---|---|---|
| Dewey Decimal Classification | General | Inventariado 2017 | Sala Fabio Quevedo | Sala Fabio Quevedo | 11/10/1998 | Instituto | 39000.00 | LB-577.27 I34c | 001183 | 09/01/2014 | Ej. 1 | 04/12/2012 | Donación | Libro |